|
|
|
|
| LEADER |
00000nam a2200000 a 4500 |
| 001 |
vtls011545656 |
| 003 |
SK-MaSNL |
| 005 |
20260301225349.0 |
| 008 |
251112s1555 gw 010 p lat |
| 015 |
|
|
|a SNBHFA1555
|
| 035 |
|
|
|a CF367B24-0ACE-4EC1-A58D-CF7D3527AA42
|
| 035 |
|
|
|a urn:nbn:sk:snk-am3h9tl
|
| 035 |
|
|
|a urn:nbn:sk:snk-am00cr2k
|
| 040 |
|
|
|a SNKHF
|b slo
|c SDKK
|e AACR2
|
| 041 |
0 |
|
|a lat
|
| 044 |
|
|
|a gw
|c DE
|
| 072 |
|
7 |
|a 783
|x Cirkevná hudba. Duchovná hudba. Náboženská hudba
|2 konspekt
|
| 080 |
|
|
|a 82-141
|2 2011
|
| 080 |
|
|
|a 27-8
|2 2011
|
| 080 |
|
|
|a 2-535
|2 2011
|
| 100 |
1 |
|
|a Fritsche, Markus,
|d 16. storočie
|4 aut
|4 dto
|9 54458
|
| 245 |
1 |
0 |
|a Catalogvs Prodigorvm Atqve Ostentorum, tam coelo quàm in terra, in poenam scelerum ac magnarum in Mundo uicissitudinum signifcationem, iam inde ab initio diuinitus exhibitorum:
|c Conscriptvs A' M. Marco Frytschio Lavbano
|
| 260 |
|
|
|a Noribergae,
|b In officina Ioannis Montani,
|c 1555.
|e Noribergae,
|f Vlrici Neuber
|
| 300 |
|
|
|a [59] l.
|c 8°
|
| 500 |
|
|
|a Vineta, iniciálky s ornamentálno-figurálnym pozadím v rámčeku na 4 a 5 r.
|
| 501 |
|
|
|a Príväzok 1. k: MATTHISIUS, Gerhard. Aaristotelis De Rervm Principiis Liber primus, in certam Methodum redactus, [et] per Erotemata explicatus. Coloniae: Excudebat Petrus Horst, 1556.
|5 SNK IE 10027/prív.1
|
| 504 |
|
|
|a Kustódy.
|
| 508 |
|
|
|a Ded.: Markus Fritche; Karol - rakúske arciknieža, burgundske knieža, stajerský a moravský markgróf
|
| 510 |
4 |
|
|a VD 16
|c F/3027
|
| 546 |
|
|
|a Latinčina
|b Kurzíva
|
| 650 |
0 |
7 |
|a poézia
|2 SNKPH
|9 1274
|
| 650 |
0 |
7 |
|a kresťanstvo
|2 SNKPH
|9 2024
|
| 650 |
0 |
7 |
|a žalmy
|2 SNKPH
|9 1744
|
| 655 |
|
7 |
|a básne
|2 SNKPH
|9 86731
|
| 700 |
0 |
|
|a Karol
|c arciknieža rakúsky, knieža burgundský, markgróf štajerský a moravský
|4 hnr
|9 618841
|
| 700 |
1 |
|
|a Vom Berg, Johann,
|d zomrel 1563
|4 pbl
|9 126277
|
| 700 |
1 |
|
|a Neuber, Ulrich,
|d zomrel 1571
|4 prt
|9 176956
|
| 710 |
2 |
|
|a Lontovska knižnica (Lontov, Slovensko)
|4 fmo
|9 341279
|
| 710 |
0 |
|
|a Neuber, Ulrich (Norimberg, Nemecko),
|d 1542-1571
|4 prt
|9 435944
|
| 710 |
0 |
|
|a Vom Berg, Johann (Norimberg, Nemecko),
|d 1543-1563
|4 pbl
|9 52581
|
| 752 |
|
|
|a Nemecko
|d Nürnberg
|
| 852 |
|
|
|a snk
|b Lontovská knižnica
|p IE 10027/prív.1
|
| 958 |
|
|
|a ONDV
|
| 999 |
|
|
|c 950616
|d 952546
|
| 952 |
|
|
|t AL 16147
|a SNK
|b SNK
|c SNK_HF
|y PREZ
|7 0
|p 17A1127589
|o snkIE 10027/prív.1
|i snk2016/9659
|8 5
|0 0
|1 0
|4 0
|d 2016-04-15
|f 1
|l 0
|r 2026-02-24 09:47:05
|w 2026-02-24
|